000
00249as aa2200097a 44500
090
_a
SERIADAS
_b
01031
245
1
0
_a
Zoodivulgación
260
_b
Universidad Nacional de Colombia. Facultad de Ciencias
_a
Colombia
041
0
_a
EspaƱol
942
_c
REVISTA
999
_c
17192
_d
17192